Riadenie udalostného systému s využitím PLC a cloudového riešenia

Enregistré dans:
Détails bibliographiques
Auteur principal: Patková, Veronika (Auteur)
Autres auteurs: Kučera, Erik (Directeur de thèse)
Format: Manuscrit Livre
Langue:slovaque
Publié: Bratislava : STU v Bratislave FEI, 2023
Sujets:
Accès en ligne:https://opac.crzp.sk/?fn=detailBiblioFormChildORHMR&sid=32866E47BC3455BDB5F579CEA70C&seo=CRZP-detail-kniha
Tags: Ajouter un tag
Pas de tags, Soyez le premier à ajouter un tag!

MARC

LEADER 00000ntm a22000003a 4500
001 stuzp91805
003 SK-STU
005 20241205150940.5
007 ta
008 150427s2015----xo-----f-mn---000-0-slo-d
040 |a STU  |b slo 
041 0 |a slo 
044 |a xo 
100 1 |a Patková, Veronika  |u 030400  |4 aut  |U FEI Fakulta elektrotechniky a informatiky  |T FEI Ústav automobilovej mechatroniky  |X 80056  |U E400  |Y 642  |7 80056 
242 0 1 |a Control of discrete-event system using PLC and cloud solution  |y eng 
245 1 0 |a Riadenie udalostného systému s využitím PLC a cloudového riešenia 
260 |a Bratislava :  |b STU v Bratislave FEI,  |c 2023 
300 |a 71 s. 
650 4 |a cloud  |2 slo 
650 4 |a node-red  |2 slo 
650 4 |a plc  |2 slo 
650 4 |a factory io  |2 slo 
650 4 |a riadenie  |2 slo 
650 4 |a udalostné systémy  |2 slo 
650 4 |a codesys  |2 slo 
650 4 |a plc  |2 eng 
650 4 |a factory io  |2 eng 
650 4 |a control  |2 eng 
650 4 |a cloud  |2 eng 
650 4 |a node-red  |2 eng 
650 4 |a codesys  |2 eng 
650 4 |a discrete-event systems  |2 eng 
700 1 |a Kučera, Erik  |u 030400  |k Z1  |4 ths  |U FEI Fakulta elektrotechniky a informatiky  |T FEI Ústav automobilovej mechatroniky  |X 55901  |U E400  |Y 642  |7 A000055901 
856 4 |u https://opac.crzp.sk/?fn=detailBiblioFormChildORHMR&sid=32866E47BC3455BDB5F579CEA70C&seo=CRZP-detail-kniha